Capitali - Morte Improvvisa - Statistics

Statistiche generali
  • Questo quiz è stato fatto 27.999 volte
    27.979 dall'ultimo reset
  • Il punteggio medio è 11 su 27
Answers on the Grid
Answers color-coded by a green-red scale on the quiz's grid according to % correct below.
Abidjan
Amburgo
Ankara
Atene
Auckland
Baghdad
Baku
Bangkok
Belmopan
Casablanca
Città del Capo
Dubai
Dublino
Falluja
Freetown
Helsinki
Istanbul
L'Avana
Lagos
Leeds
Lima
Londra
Manila
Marrakesh
Medellin
Memphis
Monrovia
Mosca
Mumbai
Nairobi
New York
Omsk
Oslo
Porto
Rio de Janeiro
Riyadh
Roma
Seul
Spalato
Suarabaya
Suva
Sydney
Tbilisi
Tijuana
Tokyo
Toronto
Tunisi
Vienna
Waikiki
Windhoek
 
Statistiche sulle risposte
Risposta % Corretto
Atene
81%
Ankara
72%
Bangkok
58%
Dublino
58%
Baghdad
57%
Helsinki
55%
Baku
54%
Londra
46%
Città del Capo
44%
Oslo
43%
L'Avana
42%
Lima
42%
Mosca
42%
Roma
42%
Vienna
40%
Tokyo
38%
Seul
37%
Tunisi
37%
Manila
35%
Nairobi
33%
Riyadh
29%
Tbilisi
29%
Freetown
25%
Belmopan
22%
Monrovia
16%
Windhoek
15%
Suva
13%
Nessun quiz corrispondente trovato
Distribuzione punteggi
Percentuale di utenti per punteggio
Percentile per numero di risposta
I tuoi punteggi nel tempo
Non hai fatto questo quiz dall'ultimo reset